Loading...
| History - American History | 2 | 1 | 1 | 1 | 35 | 41 | 63.67 | 2 | 2 |
| Beliefs - Mythology | 1 | 1 | 0 | 1 | 25 | 73 | 95.50 | 1 | 1 |
| Literature - Euro Lit | 0 | 2 | 0 | 1 | 20 | 85 | 103.50 | 0 | 2 |
| Thought - Philosophy | 0 | 2 | 0 | 0 | 20 | 106 | 108.50 | 0 | 0 |
| Thought - Social Science | 0 | 2 | 1 | 1 | 15 | 101 | 115.00 | 0 | 2 |
| Beliefs - Religion | 0 | 2 | 1 | 1 | 15 | 77 | 95.00 | 0 | 2 |
| History - Euro History | 0 | 3 | 3 | 1 | 15 | 92 | 110.00 | 1 | 2 |
| Other - Geo/CE | 0 | 2 | 1 | 0 | 15 | 85 | 91.00 | 0 | 1 |
| Science - Biology | 0 | 1 | 0 | 1 | 10 | 121 | 121.00 | 0 | 1 |
| History - Other History | 0 | 2 | 2 | 0 | 10 | 112 | 114.50 | 1 | 2 |
| Literature - World Lit | 0 | 1 | 0 | 0 | 10 | 99 | 99.00 | 0 | 1 |
| Arts - Music | 0 | 1 | 0 | 0 | 10 | 92 | 92.00 | 0 | 0 |
| Science - Other Science | 0 | 1 | 0 | 0 | 10 | 87 | 87.00 | 0 | 1 |
| History - World History | 0 | 2 | 3 | 0 | 5 | 75 | 103.00 | 0 | 2 |
| Arts - Other Arts | 0 | 1 | 1 | 1 | 5 | 138 | 138.00 | 0 | 1 |
| Science - Chemistry | 0 | 0 | 0 | 0 | 0 | 0.00 | 0 | 0 | |
| Other - Pop Culture | 0 | 0 | 1 | 0 | -5 | 0.00 | 0 | 0 | |
| Literature - British Lit | 0 | 0 | 1 | 0 | -5 | 0.00 | 0 | 0 |